=LDR 00000nam 2200000 4500 =001 INLIS000000000024179 =005 20130612122801 =008 ***********************************Ind** =035 ##$$0010-061300000024179 =041 ##$$a Ind =082 ##$$a 657.076 =090 ##$$a 657.076, Nur a =100 ##$$a Nurofik =245 ##$$a Akuntansi persekutuan, dilengkapi dengan soal dan penyelesaian6cNurofik =260 ##$$a 1996 $b Yogyakarta =300 ##$$a 154 hlm, ilus, 26 cm =650 ##$$a Akuntansi persekutuan =850 ##$$a NBPNMAT